Sports Quiz

Random Sports or NFL Quiz

NFL Rushing TDs (2000s) Quiz Stats

 Plays Quiz Updated Aug 28, 2018

Score 0/25 Timer 06:00
2 Plays Today
Touchdowns Player % Correct
129LaDainian Tomlinson
95.1%
55Larry Johnson
82.6%
49Rudi Johnson
81.4%
100Shaun Alexander
78%
55Thomas Jones
75.3%
54Ricky Williams
72.7%
67Edgerrin James
72%
78Priest Holmes
69.3%
52Tiki Barber
69.3%
51Marshall Faulk
68.8%
40Marion Barber
68.7%
50Jerome Bettis
65.6%
73Clinton Portis
63.8%
Touchdowns Player % Correct
58Jamal Lewis
62.4%
45Curtis Martin
55.6%
44Fred Taylor
55%
58Ahman Green
54.5%
43Stephen Davis
52.1%
63Corey Dillon
50.6%
40Eddie George
49.1%
43Warrick Dunn
46.7%
44*Maurice Jones-Drew
41.7%
43*Willis McGahee
39.1%
49Deuce McAllister
35.4%
44T.J. Duckett
11.7%

You're not logged in!

Compare scores with friends on all Sporcle quizzes.
OR
Log In

Sporcle TV

Today on Sporcle TV


Watch our educational content, quiz creation guides, and fun videos on Sporcle TV.

Show Comments

Extras

Top Quizzes Today


Score Distribution

Your Account Isn't Verified!

In order to create a playlist on Sporcle, you need to verify the email address you used during registration. Go to your Sporcle Settings to finish the process.

Report this User

Report this user for behavior that violates our Community Guidelines.

Details: